000 00754cam a22001934a 4500
005 20250605163932.0
008 250528s ||||||||||||||||||||||||d
035 _a14729
020 _a9607122348
040 _aGR-AtMCL
_bgre
_dGR-AtMCL
_eAACR2
245 1 _aΛογική και Απόλαυση
260 _bΠ. Τραυλός - Ε. Κωσταράκη,
_c1994
300 _a192
520 _aΠρόλογος, Εισαγωγή: Τέχνη και Νευροεπιστήμη, Λογική και Απόλαυση, Το Βλέμα του Συλλέκτη, Από την Επιστήμη προς την Τέχνη, Επίλογος, Σημειώσεις.
700 1 _aChangeaux Jean Pierre
_9475
942 _cBK
999 _c349
_d349